000 00875nam a2200277Ia 4500
003 OSt
005 20220912150719.0
006 a|||||r|||| 00| 0
007 ta
008 220909b |||||||| |||| 00| 0 eng d
024 _a14509
037 _cTextual
040 _aCSL
_beng
_cCSL
041 _aeng
082 _aD65:1:4, K4;K5 TC
100 _aMillman Jacob
245 0 _aPulse,digital and switching waveforms: Devices and circuits for their generation and processing
260 _aAuckland
_bMcGraw-Hill Book Company
_c1965
300 _axii,958p.
_ccm.
490 _aMcGraw Hill electrical and electronic engineering series
500 _aIndex 951-958p.
_ccm.
650 _aElectronic circuit theory
700 _a Taub Herbert
942 _hD65:1:4, K4;K5 TC
_cTEXL
_2CC
999 _c53098
_d53098